| 000 | 00800nam a22002177a 4500 | ||
|---|---|---|---|
| 999 |
_c18269 _d18269 |
||
| 003 | AR-CdUCM | ||
| 008 | 190513b ||||| |||| 00| 0 spa d | ||
| 040 |
_aMUNICIPALIDAD PROVINCIAL DEL CUSCO _cBIBLIOTECA MUNICIPAL DEL CUSCO |
||
| 082 |
_a980 / _bZ95 |
||
| 100 |
_aZum Felde, Alberto _938761 |
||
| 245 | _aEl problema de la cultura americana / | ||
| 260 |
_aBuenos Aires : _bEdit. Losada, _c1943. |
||
| 300 |
_a233 páginas ; _c20 cm. |
||
| 440 |
_aCristal del tiempo _919951 |
||
| 505 | _aContenido: Dramaticidad de nuestro problema de cultura -- Ciencia y Profecía de nuestra entidad -- Ironía de nuestro coloniaje intelectual... | ||
| 650 |
_aAmérica Latina _91130 |
||
| 650 |
_aCivilización _91048 |
||
| 650 |
_aAmericanismo _915544 |
||
| 942 |
_2ddc _cLIBROS |
||
| 945 |
_adavv _d2019-05-13 |
||